Influence of catalyst/feedstock ratio on the yield of light fractions and coke during the catalytic cracking technology; Petroleum and Coal; Vol. 58, iss. 7
| Parent link: | Petroleum and Coal Vol. 58, iss. 7.— 2016.— [P. 709-714] |
|---|---|
| Συγγραφή απο Οργανισμό/Αρχή: | |
| Άλλοι συγγραφείς: | , , , |
| Περίληψη: | Title screen The results of the effect of the catalyst circulation ratio on the yield of the gasoline fraction, wet gas, and coke in the catalytic cracking technology for the two industrial units using the mathematical modelare present at this paper. The temperature mode to obtain the maximum yield of gasoline and gas is determined taking into account the feedstock composition, types of cracking catalyst, and coke yield in the processing of vacuum distillate from Kazakhstan and West Siberian oil. Свободный доступ из сети Интернет |
| Γλώσσα: | Αγγλικά |
| Έκδοση: |
2016
|
| Θέματα: | |
| Διαθέσιμο Online: | http://www.vurup.sk/wp-content/uploads/dlm_uploads/2017/07/pc_7_2016_nazarova_501.pdf |
| Μορφή: | Ηλεκτρονική πηγή Κεφάλαιο βιβλίου |
| KOHA link: | https://koha.lib.tpu.ru/cgi-bin/koha/opac-detail.pl?biblionumber=654240 |
MARC
| LEADER | 00000naa0a2200000 4500 | ||
|---|---|---|---|
| 001 | 654240 | ||
| 005 | 20250311145508.0 | ||
| 035 | |a (RuTPU)RU\TPU\network\19786 | ||
| 090 | |a 654240 | ||
| 100 | |a 20170418d2016 k||y0rusy50 ba | ||
| 101 | 0 | |a eng | |
| 102 | |a SK | ||
| 135 | |a drcn ---uucaa | ||
| 181 | 0 | |a i | |
| 182 | 0 | |a b | |
| 200 | 1 | |a Influence of catalyst/feedstock ratio on the yield of light fractions and coke during the catalytic cracking technology |f G. Yu. Nazarova, E. N. Ivashkina, E. D. Ivanchina, V. I. Stebeneva | |
| 203 | |a Text |c electronic | ||
| 300 | |a Title screen | ||
| 320 | |a [References: p. 713-714 (19 tit.)] | ||
| 330 | |a The results of the effect of the catalyst circulation ratio on the yield of the gasoline fraction, wet gas, and coke in the catalytic cracking technology for the two industrial units using the mathematical modelare present at this paper. The temperature mode to obtain the maximum yield of gasoline and gas is determined taking into account the feedstock composition, types of cracking catalyst, and coke yield in the processing of vacuum distillate from Kazakhstan and West Siberian oil. | ||
| 333 | |a Свободный доступ из сети Интернет | ||
| 461 | |t Petroleum and Coal | ||
| 463 | |t Vol. 58, iss. 7 |v [P. 709-714] |d 2016 | ||
| 610 | 1 | |a электронный ресурс | |
| 610 | 1 | |a труды учёных ТПУ | |
| 610 | 1 | |a крекинг | |
| 610 | 1 | |a дистилляты | |
| 610 | 1 | |a исходное сырье | |
| 610 | 1 | |a математические модели | |
| 610 | 1 | |a бензины | |
| 610 | 1 | |a прогнозирование | |
| 701 | 1 | |a Nazarova |b G. Yu. |c chemist |c assistant of Tomsk Polytechnic University |f 1990- |g Galina Yurievna |3 (RuTPU)RU\TPU\pers\35588 |9 18757 | |
| 701 | 1 | |a Ivashkina |b E. N. |c Chemical Engineer |c Professor of Tomsk Polytechnic University, Doctor of technical sciences |f 1983- |g Elena Nikolaevna |3 (RuTPU)RU\TPU\pers\31275 |9 15453 | |
| 701 | 1 | |a Ivanchina |b E. D. |c chemist |c Professor of Tomsk Polytechnic University, Doctor of technical sciences |f 1951- |g Emilia Dmitrievna |3 (RuTPU)RU\TPU\pers\31274 | |
| 701 | 1 | |a Stebeneva |b V. I. |g Valeriya Igorevna | |
| 712 | 0 | 2 | |a Национальный исследовательский Томский политехнический университет (ТПУ) |b Институт природных ресурсов (ИПР) |b Кафедра химической технологии топлива и химической кибернетики (ХТТ) |3 (RuTPU)RU\TPU\col\18665 |
| 801 | 2 | |a RU |b 63413507 |c 20200217 |g RCR | |
| 856 | 4 | |u http://www.vurup.sk/wp-content/uploads/dlm_uploads/2017/07/pc_7_2016_nazarova_501.pdf | |
| 942 | |c CF | ||